[Event "Ruhrgebiet Verbandsklasse Gruppe 2 1718"]
[White "Scheibe, Werner"]
[Black "Schreiner, Paulo"]
[Site "Germany"]
[Round "2.4"]
[Result "1-0"]
[Date "2017.10.08"]
[WhiteElo "1828"]
[BlackElo "1790"]
[PlyCount "83"]
[EventDate "2017.09.17"]
[EventType "team-tourn"]
[EventRounds "9"]
[EventCountry "GER"]
[SourceTitle "EXT 2022"]
[Source "ChessBase"]
[SourceDate "2021.10.06"]
[SourceVersion "1"]
[SourceVersionDate "2021.10.06"]
[SourceQuality "1"]
[WhiteTeam "Sodingen/Castrop SK III"]
[BlackTeam "Horst Emscher II"]
[WhiteTeamCountry "GER"]
[BlackTeamCountry "GER"]

1. f4 d5 2. Nf3 Nf6 3. e3 Bg4 4. d4 e6 5. c3 Be7 6. Nbd2 Nbd7 7. h3 Bf5 8. Be2 Ne4 9. Nxe4 dxe4 10. Nh2 Bh4+ 11. Kf1 Bg3 12. Bd2 Qh4 13. Be1 Nf6 14. Kg1 g5 15. Bxg3 Qxg3 16. Nf1 Qh4 17. g4 gxf4 18. exf4 0-0-0 19. Qe1 Qh6 20. g5 Qg6 21. Ne3 h6 22. h4 Rdg8 23. Kf2 Nd5 24. Nxd5 exd5 25. Ke3 hxg5 26. hxg5 f6 27. Qg3 fxg5 28. Qxg5 Qxg5 29. fxg5 Rxh1 30. Rxh1 Rxg5 31. Rh2 Rg7 32. Kf4 Bh7 33. Ke5 c6 34. Kf6 Rc7 35. b3 Kd8 36. c4 b6 37. cxd5 cxd5 38. Bb5 e3 39. Rh5 e2 40. Rxd5+ Kc8 41. Ba6+ Rb7 42. Re5 1-0

[Event "Ruhrgebiet Regionalliga 1213"]
[White "Klueting, Reiner"]
[Black "Scheibe, Werner"]
[Site "Nordrheinwestfalen"]
[Round "4.7"]
[Result "0-1"]
[Date "2012.12.09"]
[WhiteElo "1866"]
[BlackElo "1864"]
[PlyCount "70"]
[EventDate "2012.09.09"]
[EventType "team-tourn"]
[EventRounds "9"]
[EventCountry "GER"]
[SourceTitle "EXT 2020"]
[Source "ChessBase"]
[SourceDate "2019.10.17"]
[SourceVersion "1"]
[SourceVersionDate "2019.10.17"]
[SourceQuality "1"]
[WhiteTeam "Wattenscheid SV III"]
[BlackTeam "Herne Sodingen II"]
[WhiteTeamCountry "GER"]
[BlackTeamCountry "GER"]

1. e4 e6 2. d4 d5 3. Nc3 Bb4 4. Bd2 dxe4 5. Qg4 Nf6 6. Qxg7 Rg8 7. Qh6 Rg6 8. Qh4 Be7 9. Nxe4 Qxd4 10. Nxf6+ Bxf6 11. Qxd4 Bxd4 12. c3 Bf6 13. g3 Bd7 14. Bd3 Rg7 15. Bh6 Rg8 16. Bxh7 Rh8 17. Be4 Rxh6 18. Bxb7 Bc6 19. Bxa8 Bxa8 20. f3 Nd7 21. Kf2 Ne5 22. h3 Nd3+ 23. Ke3 Nxb2 24. Ne2 Nc4+ 25. Kf2 Nd2 26. Rhd1 Nxf3 27. Rab1 Bc6 28. Rb8+ Ke7 29. Rc8 Be5 30. h4 Bd6 31. Nd4 Nxd4 32. cxd4 Rf6+ 33. Ke3 Rf3+ 34. Ke2 Rxg3 35. Rc1 Bd5 0-1

[Event "Ruhrgebiet Verbandsliga1 1112"]
[White "Scheibe, Werner"]
[Black "Luek, Harald"]
[Site "Nordrheinwestfalen"]
[Round "6.8"]
[Result "1/2-1/2"]
[Date "2012.02.12"]
[WhiteElo "1815"]
[BlackElo "1909"]
[PlyCount "35"]
[EventDate "2012.09.18"]
[EventType "team-tourn"]
[EventRounds "9"]
[EventCountry "GER"]
[SourceTitle "EXT 2020"]
[Source "ChessBase"]
[SourceDate "2019.10.17"]
[SourceVersion "1"]
[SourceVersionDate "2019.10.17"]
[SourceQuality "1"]
[WhiteTeam "Herne Sodingen II"]
[BlackTeam "Bochum-Linden-Dahlhausen"]
[WhiteTeamCountry "GER"]
[BlackTeamCountry "GER"]

1. e4 c5 2. Nf3 Nc6 3. d4 cxd4 4. Nxd4 g6 5. Bc4 Nf6 6. Nc3 Bg7 7. Be3 Qa5 8. 0-0 0-0 9. Bb3 d6 10. f3 Bd7 11. Qd2 Nxd4 12. Bxd4 Rac8 13. Rad1 Rfd8 14. Nd5 Qxd2 15. Rxd2 Nxd5 16. exd5 Bxd4+ 17. Rxd4 Rc7 18. Re1 1/2-1/2

[Event "Herne-ch 14th"]
[White "Przystaw, Andreas"]
[Black "Scheibe, Werner"]
[Site "Herne"]
[Round "7"]
[Result "1/2-1/2"]
[Date "2011.03.29"]
[WhiteElo "1603"]
[BlackElo "1873"]
[PlyCount "109"]
[EventDate "2011.02.07"]
[EventType "swiss"]
[EventRounds "7"]
[EventCountry "GER"]
[SourceTitle "EXT 2014"]
[Source "ChessBase"]
[SourceDate "2013.11.20"]
[SourceVersion "1"]
[SourceVersionDate "2013.11.20"]
[SourceQuality "1"]

1. e4 c5 2. Nf3 d6 3. Bb5+ Bd7 4. Bxd7+ Nxd7 5. 0-0 g6 6. c3 Bg7 7. d4 Ngf6 8. Re1 0-0 9. e5 dxe5 10. dxe5 Ng4 11. Bf4 Ngxe5 12. Qd5 Nxf3+ 13. Qxf3 e5 14. Be3 Qc7 15. Nd2 Rad8 16. Qh3 f5 17. Bg5 Nf6 18. Nc4 Rd5 19. Rad1 Rfd8 20. Rxd5 Rxd5 21. f3 b5 22. Qh4 Nd7 23. Ne3 Rd3 24. c4 Rd4 25. Nd5 Rxh4 26. Nxc7 Rxc4 27. Nxb5 Rb4 28. Nxa7 Rxb2 29. Rd1 Rb7 30. Nc6 h6 31. Bd8 Kf7 32. a4 Nb8 33. Nxb8 Rxb8 34. Rd7+ Kg8 35. a5 e4 36. Bb6 Bd4+ 37. Kf1 Kf8 38. Rd5 exf3 39. gxf3 Ke7 40. Bxc5+ Bxc5 41. Rxc5 Kd6 42. Rc2 Ra8 43. Ra2 Ra6 44. Ke2 Kc5 45. Kd3 g5 46. h3 Rd6+ 47. Ke3 Ra6 48. Kd3 h5 49. Rg2 Rg6 50. a6 Kb6 51. Ra2 Ka7 52. Ra5 g4 53. hxg4 hxg4 54. fxg4 fxg4 55. Ke3 1/2-1/2

[Event "Herne-ch 14th"]
[White "Scheibe, Werner"]
[Black "Wenzel, Martin"]
[Site "Herne"]
[Round "6"]
[Result "0-1"]
[Date "2011.03.21"]
[WhiteElo "1873"]
[BlackElo "1891"]
[PlyCount "88"]
[EventDate "2011.02.07"]
[EventType "swiss"]
[EventRounds "7"]
[EventCountry "GER"]
[SourceTitle "EXT 2014"]
[Source "ChessBase"]
[SourceDate "2013.11.20"]
[SourceVersion "1"]
[SourceVersionDate "2013.11.20"]
[SourceQuality "1"]

1. d4 c5 2. e3 cxd4 3. exd4 d5 4. Bd3 Nf6 5. c3 e6 6. Nf3 Bd6 7. 0-0 0-0 8. Bg5 b6 9. Ne5 Ba6 10. f4 Bxd3 11. Qxd3 Be7 12. Nd2 Ne8 13. Bxe7 Qxe7 14. Rf3 f6 15. Rh3 g6 16. Ng4 Nd6 17. Re1 Nc6 18. Nh6+ Kh8 19. g4 f5 20. g5 Ne4 21. Nxe4 dxe4 22. Qb5 Qd6 23. Rg3 Rac8 24. Qf1 Ne7 25. Re2 Nd5 26. Rf2 Kg7 27. h4 a5 28. Rgg2 Ne3 29. Qe2 Nxg2 30. Kxg2 Qd5 31. a3 b5 32. Kg3 Qc4 33. Qd1 Rc7 34. Rd2 Rd8 35. h5 b4 36. cxb4 axb4 37. axb4 Qxb4 38. hxg6 hxg6 39. d5 Rcd7 40. Rd4 Rxd5 41. Rxd5 Rxd5 42. Qc1 Rd3+ 43. Kh4 Qd6 44. Nxf5+ gxf5 0-1

[Event "Herne-ch 14th"]
[White "Bartel, Mario"]
[Black "Scheibe, Werner"]
[Site "Herne"]
[Round "2"]
[Result "0-1"]
[Date "2011.02.15"]
[WhiteElo "2122"]
[BlackElo "1873"]
[PlyCount "94"]
[EventDate "2011.02.07"]
[EventType "swiss"]
[EventRounds "7"]
[EventCountry "GER"]
[SourceTitle "EXT 2014"]
[Source "ChessBase"]
[SourceDate "2013.11.20"]
[SourceVersion "1"]
[SourceVersionDate "2013.11.20"]
[SourceQuality "1"]

1. e4 e6 2. d4 d5 3. e5 c5 4. c3 Nc6 5. Nf3 Qb6 6. Bd3 Bd7 7. dxc5 Bxc5 8. 0-0 a5 9. a4 f6 10. Qe2 fxe5 11. Nxe5 Nxe5 12. Qxe5 Nf6 13. Nd2 0-0 14. Nf3 Rae8 15. Bf4 Ne4 16. Bxe4 dxe4 17. Nd4 Rxf4 18. Qxf4 e5 19. Qxe4 exd4 20. Qd3 Bc6 21. Qc4+ Kh8 22. cxd4 Bxd4 23. Rad1 Bc5 24. Rc1 Bb4 25. Qf7 Rf8 26. Qe6 Qd4 27. Rcd1 Qxb2 28. Rd3 Qf6 29. Qh3 Bxa4 30. Rf3 Qd8 31. Rxf8+ Qxf8 32. Rc1 Bc6 33. Qe6 h6 34. f3 Qf6 35. Qc4 Qe5 36. Kh1 Bd6 37. Qh4 a4 38. Re1 Qf4 39. Qh3 a3 40. Kg1 Qf6 41. Qh5 a2 42. Qa5 Qd4+ 43. Kh1 Qf4 44. Kg1 Qxh2+ 45. Kf2 Qh4+ 46. Ke2 Qc4+ 47. Kf2 Qc5+ 0-1

[Event "Ruhrgebiet Verbandsliga2 1011"]
[White "Busche, Klaus"]
[Black "Scheibe, Werner"]
[Site "Nordrheinwestfalen"]
[Round "1.7"]
[Result "1-0"]
[Date "2010.09.12"]
[WhiteElo "1971"]
[BlackElo "1859"]
[PlyCount "96"]
[EventDate "2010.09.12"]
[EventType "team-tourn"]
[EventRounds "9"]
[EventCountry "GER"]
[SourceTitle "EXT 2020"]
[Source "ChessBase"]
[SourceDate "2019.10.17"]
[SourceVersion "1"]
[SourceVersionDate "2019.10.17"]
[SourceQuality "1"]
[WhiteTeam "Ahlen SV"]
[BlackTeam "Herne Sodingen II"]
[WhiteTeamCountry "GER"]
[BlackTeamCountry "GER"]

1. Nf3 d5 2. d4 Nf6 3. e3 Bg4 4. h3 Bxf3 5. Qxf3 e6 6. c4 c6 7. Nd2 Bd6 8. Qd1 Nbd7 9. Be2 0-0 10. 0-0 Rc8 11. c5 Bb8 12. f4 b6 13. b4 Kh8 14. Ba6 Rc7 15. Qf3 g6 16. Bb2 Nh5 17. g4 Ng7 18. Kg2 f5 19. g5 Kg8 20. Nb3 Kf7 21. a4 Rh8 22. Rh1 Kg8 23. h4 Nh5 24. Qf2 Nf8 25. Be2 h6 26. Rag1 hxg5 27. hxg5 Rch7 28. Bxh5 gxh5 29. Rc1 Qe8 30. Qf3 Ng6 31. Kh3 Ne7 32. Rc2 Qd7 33. Rhc1 Kg7 34. Qf1 Qb7 35. b5 Rc8 36. Ba3 Kg6 37. cxb6 Qxb6 38. Bxe7 Rxe7 39. Rxc6 Rxc6 40. Rxc6 Qd8 41. Qc1 Bd6 42. Rc8 Qd7 43. Qc3 Bc7 44. Rh8 Rh7 45. Rxh7 Kxh7 46. Nc5 Qe7 47. Nxe6 Qxe6 48. Qxc7+ Kh8 1-0

[Event "Ruhrgebiet VK3 0910"]
[White "Czilwik, Frank"]
[Black "Scheibe, Werner"]
[Site "Ruhrgebiet"]
[Round "9.5"]
[Result "1-0"]
[Date "2010.04.18"]
[WhiteElo "1724"]
[BlackElo "1923"]
[PlyCount "70"]
[EventDate "2009.09.06"]
[EventType "team"]
[EventRounds "9"]
[EventCountry "GER"]
[SourceTitle "EXT 2011"]
[Source "ChessBase"]
[SourceDate "2010.11.26"]
[SourceVersion "1"]
[SourceVersionDate "2010.11.26"]
[SourceQuality "1"]
[WhiteTeam "Gelsenkirchen"]
[BlackTeam "Herne Sodingen II"]
[WhiteTeamCountry "GER"]
[BlackTeamCountry "GER"]

1. e4 c5 2. c3 d5 3. exd5 Qxd5 4. d4 Nc6 5. Nf3 Nf6 6. Be2 Bg4 7. c4 Qf5 8. d5 Bxf3 9. Bxf3 Nd4 10. Na3 Nxf3+ 11. gxf3 0-0-0 12. Qe2 g6 13. Be3 e6 14. dxe6 Qxe6 15. Nb5 a6 16. Nc3 Qc6 17. 0-0 Bd6 18. Kg2 Rhe8 19. Qc2 Re5 20. Qa4 Qc7 21. Bf4 Rh5 22. Bg3 Rg5 23. Ne4 Nxe4 24. fxe4 f5 25. Kh1 Rh5 26. f4 fxe4 27. Rae1 Qe7 28. Re3 Rf5 29. Rfe1 Bxf4 30. Rxe4 Qf8 31. Re8 Qd6 32. Rxd8+ Qxd8 33. Re8 Bxg3 34. Rxd8+ Kxd8 35. hxg3 Kc7 1-0

[Event "Ruhrgebiet VK3 0910"]
[White "Armbruester, Juergen"]
[Black "Scheibe, Werner"]
[Site "Ruhrgebiet"]
[Round "7.6"]
[Result "1/2-1/2"]
[Date "2010.02.21"]
[WhiteElo "1910"]
[BlackElo "1923"]
[PlyCount "109"]
[EventDate "2009.09.06"]
[EventType "team"]
[EventRounds "9"]
[EventCountry "GER"]
[SourceTitle "EXT 2011"]
[Source "ChessBase"]
[SourceDate "2010.11.26"]
[SourceVersion "1"]
[SourceVersionDate "2010.11.26"]
[SourceQuality "1"]
[WhiteTeam "Katernberg III"]
[BlackTeam "Herne Sodingen II"]
[WhiteTeamCountry "GER"]
[BlackTeamCountry "GER"]

1. e4 e6 2. d4 d5 3. Nc3 Bb4 4. e5 c5 5. a3 Bxc3+ 6. bxc3 Qa5 7. Bd2 Qa4 8. Qb1 c4 9. Be2 Nc6 10. Nf3 Nge7 11. 0-0 0-0 12. Ra2 Qa5 13. h3 Qd8 14. Qc1 h6 15. Nh2 Nf5 16. g4 Nfe7 17. g5 hxg5 18. Bxg5 f6 19. exf6 gxf6 20. Bh6 Rf7 21. Bh5 Rh7 22. Ng4 Rf7 23. Bxf7+ Kxf7 24. Bf4 Nf5 25. Bg3 Qh8 26. Kh2 Bd7 27. Qf4 Rc8 28. Rb2 b6 29. Ne3 Nce7 30. Nxf5 Nxf5 31. Ra1 Qh5 32. Qg4 Qh7 33. a4 Rg8 34. Qf4 Rh8 35. h4 Rg8 36. Re1 Qh5 37. Kg2 Nxh4+ 38. Kf1 Nf5 39. a5 Qh3+ 40. Ke2 Nxg3+ 41. fxg3 Rxg3 42. Rf1 Rg2+ 43. Kd1 Rg6 44. axb6 axb6 45. Rxb6 Qxc3 46. Rb7 Ke7 47. Rb6 Qa1+ 48. Ke2 Rg2+ 49. Rf2 Rxf2+ 50. Kxf2 Qa4 51. Kg3 Qa3+ 52. Kh4 Kf7 53. Qh6 Qa7 54. Qh7+ Kf8 55. Qh8+ 1/2-1/2

[Event "Ruhrgebiet VK3 0910"]
[White "Scheibe, Werner"]
[Black "Landscheidt, Heinz"]
[Site "Ruhrgebiet"]
[Round "2.6"]
[Result "1/2-1/2"]
[Date "2009.10.04"]
[WhiteElo "1923"]
[BlackElo "1915"]
[PlyCount "33"]
[EventDate "2009.09.06"]
[EventType "team"]
[EventRounds "9"]
[EventCountry "GER"]
[SourceTitle "EXT 2011"]
[Source "ChessBase"]
[SourceDate "2010.11.26"]
[SourceVersion "1"]
[SourceVersionDate "2010.11.26"]
[SourceQuality "1"]
[WhiteTeam "Herne Sodingen II"]
[BlackTeam "Wacker Bergeborbeck"]
[WhiteTeamCountry "GER"]
[BlackTeamCountry "GER"]

1. e4 e5 2. Nf3 Nc6 3. Bb5 Nf6 4. 0-0 Nxe4 5. d4 Nd6 6. Bxc6 dxc6 7. dxe5 Nf5 8. Qxd8+ Kxd8 9. Bg5+ Ke8 10. Nc3 h6 11. Bf4 Be6 12. a3 Rd8 13. Rad1 Be7 14. Rxd8+ Kxd8 15. Rd1+ Kc8 16. h3 Rd8 17. Kf1 1/2-1/2

[Event "Ruhrgebiet VK3 0910"]
[White "Czarnik, Jozef"]
[Black "Scheibe, Werner"]
[Site "Ruhrgebiet"]
[Round "1.4"]
[Result "1/2-1/2"]
[Date "2009.08.30"]
[WhiteElo "2032"]
[BlackElo "1923"]
[PlyCount "74"]
[EventDate "2009.09.06"]
[EventType "team"]
[EventRounds "9"]
[EventCountry "GER"]
[SourceTitle "EXT 2011"]
[Source "ChessBase"]
[SourceDate "2010.11.26"]
[SourceVersion "1"]
[SourceVersionDate "2010.11.26"]
[SourceQuality "1"]
[WhiteTeam "Haltern"]
[BlackTeam "Herne Sodingen II"]
[WhiteTeamCountry "GER"]
[BlackTeamCountry "GER"]

1. d4 f5 2. e4 fxe4 3. Nc3 Nf6 4. Bg5 c6 5. Bxf6 exf6 6. Nxe4 d5 7. Ng3 Bd6 8. Qh5+ g6 9. Qh6 Kf7 10. 0-0-0 Qc7 11. Nh3 Bxh3 12. Qxh3 Nd7 13. Re1 f5 14. Bd3 Nf6 15. f3 Rae8 16. Ne2 h5 17. c3 Re3 18. Kc2 Rhe8 19. Qh4 Qa5 20. Nc1 Qc7 21. Rxe3 Rxe3 22. Qf2 Re8 23. g4 hxg4 24. fxg4 Nxg4 25. Qh4 Kg7 26. h3 Bg3 27. Qg5 Bf4 28. Qh4 g5 29. Qh5 Rh8 30. Qxh8+ Kxh8 31. hxg4+ Kg8 32. Bxf5 Qe7 33. Rh7 Qe3 34. Nd3 a5 35. Rxb7 a4 36. a3 Qd2+ 37. Kb1 Qd1+ 1/2-1/2

[Event "Ruhrgebiet VK3 0405"]
[White "Scheibe, Werner"]
[Black "Kalkhoff, Andreas"]
[Site "Ruhrgebiet"]
[Round "7.7"]
[Result "0-1"]
[Date "2005.02.20"]
[WhiteElo "1883"]
[BlackElo "1769"]
[PlyCount "76"]
[EventDate "2004.09.12"]
[EventType "team-tourn"]
[EventRounds "9"]
[EventCountry "GER"]
[SourceTitle "EXT 2006"]
[Source "ChessBase"]
[SourceDate "2005.11.24"]
[SourceVersion "1"]
[SourceVersionDate "2005.11.24"]
[SourceQuality "1"]
[WhiteTeam "Herne Sodingen II"]
[BlackTeam "Essen Borbeck II"]
[WhiteTeamCountry "GER"]
[BlackTeamCountry "GER"]

1. Nf3 Nf6 2. b3 d5 3. Bb2 Nbd7 4. e3 e6 5. d4 Bb4+ 6. c3 Bd6 7. Bd3 0-0 8. 0-0 e5 9. dxe5 Nxe5 10. Nxe5 Bxe5 11. Nd2 c6 12. h3 Nd7 13. Nf3 Bf6 14. Qc2 g6 15. Rad1 Nc5 16. Nd4 Nxd3 17. Qxd3 Qa5 18. a3 a6 19. f4 Qc7 20. b4 Qe7 21. Rf2 Bd7 22. g4 Rae8 23. Bc1 Bg7 24. c4 Qh4 25. Kg2 dxc4 26. Qe2 c3 27. Qd3 Bc8 28. e4 Rd8 29. e5 Rd5 30. Be3 Rfd8 31. Re1 h5 32. Rh1 hxg4 33. hxg4 Qxg4+ 34. Kf1 c2 35. Rxc2 Bf5 36. Qe2 Qxe2+ 37. Rxe2 Rxd4 38. Bxd4 Rxd4 0-1

[Event "Ruhrgebiet VK3 0405"]
[White "Post, Ralf"]
[Black "Scheibe, Werner"]
[Site "Ruhrgebiet"]
[Round "4.7"]
[Result "0-1"]
[Date "2004.11.28"]
[WhiteElo "1820"]
[BlackElo "1883"]
[PlyCount "112"]
[EventDate "2004.09.12"]
[EventType "team-tourn"]
[EventRounds "9"]
[EventCountry "GER"]
[SourceTitle "EXT 2006"]
[Source "ChessBase"]
[SourceDate "2005.11.24"]
[SourceVersion "1"]
[SourceVersionDate "2005.11.24"]
[SourceQuality "1"]
[WhiteTeam "Wattenscheid IV"]
[BlackTeam "Herne Sodingen II"]
[WhiteTeamCountry "GER"]
[BlackTeamCountry "GER"]

1. Nf3 d5 2. g3 c5 3. Bg2 Nc6 4. d4 Nf6 5. 0-0 e6 6. b3 Qb6 7. Bb2 Bd7 8. e3 c4 9. Nc3 cxb3 10. axb3 Rc8 11. Na4 Qc7 12. c4 Nb4 13. Ne5 b5 14. Nxd7 Qxd7 15. cxb5 Qxb5 16. Rc1 Rxc1 17. Qxc1 Qc6 18. Qxc6+ Nxc6 19. Rc1 Kd7 20. Bf1 Bb4 21. Nc5+ Bxc5 22. dxc5 Rb8 23. Bxf6 gxf6 24. Rb1 Nb4 25. Ra1 Nc6 26. Rb1 a5 27. Be2 a4 28. Bd1 axb3 29. Rxb3 Rxb3 30. Bxb3 Ne5 31. Ba4+ Ke7 32. Kg2 Nd3 33. c6 Kd6 34. Kf1 Ne5 35. c7 Kxc7 36. Ke2 Kd6 37. h3 Nc4 38. g4 e5 39. Be8 Ke6 40. Ba4 f5 41. Bc2 e4 42. f3 Nd6 43. Kf2 fxg4 44. fxg4 f5 45. Kg3 Ke5 46. Kf2 f4 47. h4 Nc4 48. exf4+ Kxf4 49. Bd1 h6 50. Be2 Ne5 51. g5 hxg5 52. hxg5 d4 53. Ba6 Kxg5 54. Ke1 Kf4 55. Kf2 d3 56. Ke1 e3 0-1

[Event "Ruhrgebiet VL2 0001"]
[White "Scheibe, Werner"]
[Black "Biendara, Michael"]
[Site "Ruhrgebiet"]
[Round "2"]
[Result "1/2-1/2"]
[Date "2000.10.15"]
[WhiteElo "1951"]
[BlackElo "1926"]
[PlyCount "71"]
[EventDate "2000.09.17"]
[EventType "team-tourn"]
[EventRounds "9"]
[EventCountry "GER"]
[SourceTitle "EXT 2023"]
[Source "ChessBase"]
[SourceDate "2022.10.05"]
[SourceVersion "1"]
[SourceVersionDate "2022.10.05"]
[SourceQuality "1"]
[WhiteTeam "Herne Sodingen"]
[BlackTeam "Hoentrop SG"]
[WhiteTeamCountry "GER"]
[BlackTeamCountry "GER"]

1. e4 c5 2. Nf3 Nc6 3. d4 cxd4 4. Nxd4 e5 5. Nb5 a6 6. Nd6+ Bxd6 7. Qxd6 Qe7 8. Qd1 Nf6 9. Nc3 h6 10. a3 0-0 11. Be3 d6 12. Bc4 Be6 13. Nd5 Bxd5 14. Bxd5 Qd7 15. f3 Nxd5 16. Qxd5 Ne7 17. Qb3 d5 18. Rd1 d4 19. c3 Nc6 20. cxd4 Nxd4 21. Bxd4 exd4 22. 0-0 Rfd8 23. Rf2 Qb5 24. Qxb5 axb5 25. Rc2 Ra4 26. Rc5 Rc4 27. Rxb5 Rc2 28. Kf1 Rd7 29. a4 g6 30. b3 Rb2 31. Rb4 d3 32. h3 b5 33. axb5 Ra7 34. Ra4 Rc7 35. Rc4 Ra7 36. Ra4 1/2-1/2

[Event "Ruhrgebiet VK1 9900"]
[White "Wahle, Wilhelm"]
[Black "Scheibe, Werner"]
[Site "Ruhrgebiet"]
[Round "8"]
[Result "0-1"]
[Date "2000.04.16"]
[WhiteElo "1746"]
[BlackElo "1898"]
[PlyCount "94"]
[EventDate "1999.09.19"]
[EventType "team-tourn"]
[EventRounds "9"]
[EventCountry "GER"]
[SourceTitle "EXT 2024"]
[Source "ChessBase"]
[SourceDate "2023.10.10"]
[SourceVersion "1"]
[SourceVersionDate "2023.10.10"]
[SourceQuality "1"]

1. e4 e6 2. d4 d5 3. Nc3 Nf6 4. Bg5 Be7 5. e5 Nfd7 6. h4 a6 7. Nf3 c5 8. dxc5 Nc6 9. Bd3 Ndxe5 10. Bf4 Nxd3+ 11. cxd3 Bxc5 12. d4 Be7 13. Qd2 Bd7 14. g4 b5 15. g5 Rc8 16. Ne5 Na5 17. Rc1 Nc4 18. Qe2 Nd6 19. 0-0 Nf5 20. Rcd1 Nxh4 21. Qh5 Ng6 22. Rd3 b4 23. Nxf7 Kxf7 24. Rf3 Kg8 25. Ne2 Bb5 26. Re1 Qe8 27. Qg4 Bd7 28. Qg3 Rc2 29. Bc1 Bd8 30. Qd6 a5 31. Ng3 Bc7 32. Qa6 Rc4 33. Nf5 Qd8 34. Ng3 Rxd4 35. Be3 Nh4 36. Qe2 Nxf3+ 37. Qxf3 Rc4 38. Ne2 Qf8 39. Qg2 Qf7 40. Rd1 Qh5 41. f3 Rc2 42. Bd4 Kf7 43. Be3 Rf8 44. Rd2 Rxd2 45. Bxd2 Kg8 46. f4 Bb6+ 47. Kf1 Bb5 0-1